Nulidad, separacin̤ y divorcio

Bibliographic Details
Main Author: Vz̀quez Iruzubieta, Carlos
Format: Unknown
Language:Spanish
Published: Barcelona : vLex, 2008
Subjects:
Online Access:Acceso restringido

MARC

LEADER 00000ny a22000003n 4500
005 20110610132825.0
008 A10218s2008 sp || 000|0 spa d
022 |a 8401902509  
035 |a 2625 
040 |a ZS4  |c ZS4  |d vLex 
080 |a 347.624.1(460) 
080 |a 347.624.1(460)(094.9) 
080 |a 347.627.2/.3(460) 
080 |a 347.627.2/.3(460)(094.9) 
090 |c 630  |d 630 
100 1 |a Vz̀quez Iruzubieta, Carlos 
245 1 0 |a Nulidad, separacin̤ y divorcio  |h [Recurso electrn̤ico]  |c Carlos Vz̀quez Iruzubieta 
256 |a Servicio en ln̕ea 
260 |a Barcelona :  |b vLex,  |c 2008 
506 1 |a Contenido solo disponible en los productos indicados  |d vLex Global  |d vLex Global (Academic Edition, excluding Law Schools)  |d vLex Global (U.S. Academic Edition, Law Schools)  |d vLex Global (U.S. Academic Edition, excluding Law Schools)  |d vLex Global (Academic Edition, Law Schools) 
650 0 7 |a Matrimonio  |2 Tesauro vLex 
650 0 7 |a Familia  |2 Tesauro vLex 
650 0 7 |a Separacin̤ matrimonial  |2 Tesauro vLex 
650 0 7 |a Nulidad del matrimonio civil  |2 Tesauro vLex 
650 0 7 |a Separacin̤ matrimonial  |2 Tesauro vLex 
650 0 7 |a Divorcio  |2 Tesauro vLex 
740 0 |a vLex Libros (Servicios en ln̕ea) 
856 4 0 |u http://vlex.com/source/2625  |z Acceso restringido 
942 |c BOOK 
999 0 |a Divorce  |b Barcelona